|
|
|
|
| LEADER |
01909nam a22004094a 4500 |
| 001 |
EBC3001822 |
| 003 |
MiAaPQ |
| 005 |
20200520144314.0 |
| 006 |
m o d | |
| 007 |
cr cn||||||||| |
| 008 |
061102s2007 nyu s 001 0 eng |
| 010 |
|
|
|z 2006036462
|
| 020 |
|
|
|z 9780814474228 (pbk.)
|
| 020 |
|
|
|z 0814474225 (pbk.)
|
| 035 |
|
|
|a (MiAaPQ)EBC3001822
|
| 035 |
|
|
|a (Au-PeEL)EBL3001822
|
| 035 |
|
|
|a (CaPaEBR)ebr10196159
|
| 035 |
|
|
|a (OCoLC)887159767
|
| 040 |
|
|
|a MiAaPQ
|c MiAaPQ
|d MiAaPQ
|
| 050 |
|
4 |
|a HF5549.5.R3
|b F37 2007
|
| 082 |
0 |
4 |
|a 658.3/125
|2 22
|
| 100 |
1 |
|
|a Falcone, Paul.
|
| 245 |
1 |
0 |
|a Productive performance appraisals
|h [electronic resource] /
|c Paul Falcone, with Randi Sachs.
|
| 250 |
|
|
|a 2nd ed.
|
| 260 |
|
|
|a New York :
|b AMACOM, American Management Association,
|c c2007.
|
| 300 |
|
|
|a ix, 115 p.
|
| 490 |
0 |
|
|a WorkSmart
|
| 500 |
|
|
|a Revision of: Productive performance appraisals / Randi Toler Sachs. 1992.
|
| 500 |
|
|
|a Includes index.
|
| 505 |
0 |
|
|a The productive appraisal -- What's the point? -- It's as easy as one, two, three -- Face-to-face -- How to make it happen: advance preparations -- Plan for the future -- Document, document, document -- Prepare yourself -- Prepare your employee -- Common problems and effective solutions -- When you disagree on roles and goals -- When the news is bad -- Watch out for pitfalls -- Wrap it up -- The post-appraisal meeting -- You're ready to go.
|
| 533 |
|
|
|a Electronic reproduction. Ann Arbor, MI : ProQuest, 2015. Available via World Wide Web. Access may be limited to ProQuest affiliated libraries.
|
| 650 |
|
0 |
|a Employees
|x Rating of.
|
| 655 |
|
4 |
|a Electronic books.
|
| 700 |
1 |
|
|a Sachs, Randi Toler.
|
| 700 |
1 |
|
|a Sachs, Randi Toler.
|t Productive performance appraisals.
|
| 710 |
2 |
|
|a ProQuest (Firm)
|
| 856 |
4 |
0 |
|u https://ebookcentral.proquest.com/lib/matrademy/detail.action?docID=3001822
|z Click to View
|